Extrakcia Level-1 znakov z obrazov odtlačkov prstov pomocou strojového učenia

Na minha lista:
Detalhes bibliográficos
Autor principal: Včelková, Edita (Author)
Outros Autores: Marák, Pavol (Thesis advisor)
Formato: Manuscrito Livro
Idioma:eslovaco
Publicado em: Bratislava : STU v Bratislave FEI, 2021
Assuntos:
Acesso em linha:https://opac.crzp.sk/?fn=detailBiblioForm&sid=38F43C5054BC4F7F2BBACFF31F28&seo=CRZP-detail-kniha
Tags: Adicionar Tag
Sem tags, seja o primeiro a adicionar uma tag!

MARC

LEADER 00000ntm a22000003a 4500
001 stuzp82700
003 SK-STU
005 20220223111855.4
007 ta
008 150427s2015----xo-----f-mn---000-0-slo-d
040 |a STU  |b slo 
041 0 |a slo 
044 |a xo 
100 1 |a Včelková, Edita  |u 035000  |4 aut  |U FEI Fakulta elektrotechniky a informatiky  |T FEI Ústav informatiky a matematiky  |X 98023  |U E050  |Y 816  |7 98023 
242 0 1 |a A Level-1 fingerprint feature extraction using machine learning  |y eng 
245 1 0 |a Extrakcia Level-1 znakov z obrazov odtlačkov prstov pomocou strojového učenia 
260 |a Bratislava :  |b STU v Bratislave FEI,  |c 2021 
300 |a 73 s., príl. 
650 4 |a odtlačky prstov  |2 slo 
650 4 |a hlboké neurónové siete  |2 slo 
650 4 |a GUI aplikácia  |2 slo 
650 4 |a knižnica  |2 slo 
650 4 |a Level-1 znaky  |2 slo 
650 4 |a OpenFinger systém  |2 slo 
650 4 |a Level-1 features  |2 eng 
650 4 |a GUI application  |2 eng 
650 4 |a library  |2 eng 
650 4 |a fingerprints  |2 eng 
650 4 |a deep neural networks  |2 eng 
650 4 |a OpenFinger system  |2 eng 
700 1 |a Marák, Pavol  |u 035000  |k Z1  |4 ths  |U FEI Fakulta elektrotechniky a informatiky  |T FEI Ústav informatiky a matematiky  |X 50790  |U E050  |Y 816  |7 A000050790 
856 4 |u https://opac.crzp.sk/?fn=detailBiblioForm&sid=38F43C5054BC4F7F2BBACFF31F28&seo=CRZP-detail-kniha